000
00208nam a2200085Ia 4500
008
120527s9999 xx 000 0 und d
100
_a
Feranisco, et al
245
_a
Cancer cells; growth factors?..
942
_c
BK
999
_c
27369
_d
27369